000 00432nam a2200193Ia 4500
005 20250423100622.0
008 250422s9999 xx 000 0 und d
020 _a978-0-273-68410-7
050 _aHF 5667 .H365/
100 _aRick Hayes
245 0 _aPrinciples of Auditing
250 _a2nd
260 _aHarlow
260 _bPearson Education
260 _c2005
300 _a691 p
650 _aAuditing
942 _cBK
999 _c33850
_d33850